[Event "V C.to Italiano U20"]
[Site "Laveno-Mombello ITA"]
[Date "1997.07.20"]
[Round "2"]
[White "Genocchio, Daniele"]
[Black "Vismara, Daniele"]
[Result "0-1"]
[WhiteElo "2215"]
[BlackElo "2235"]
[PlyCount "86"]
[EventDate "1997.07.19"]

1. e4 e6 2. d4 d5 3. Nc3 Bb4 4. Nge2 dxe4 5. a3 Be7 6. Nxe4 Nf6 7. N2g3 Nxe4 8.
Nxe4 O-O 9. Be2 f5 10. Ng3 Nc6 11. c3 Bd6 12. O-O Qh4 13. Re1 e5 14. d5 Ne7 15.
Nf1 f4 16. Bf3 Rf6 17. b4 b6 18. c4 Bf5 19. Bb2 Ng6 20. Rc1 Re8 21. c5 bxc5 22.
bxc5 Bf8 23. Qa4 Re7 24. Qc4 Kh8 25. Rcd1 Re8 26. Qa4 Rb8 27. Bxe5 Nxe5 28.
Rxe5 Bxc5 29. g3 Bxf2+ 30. Kg2 Bh3+ 31. Kh1 Bg4 32. Rd3 Qh3 33. Bg2 Qh6 34.
gxf4 Qxf4 35. Re4 Qf5 36. Rc3 Bh5 37. Rxc7 Rb1 38. Qc2 Rxf1+ 39. Bxf1 Bf3+ 40.
Bg2 Bxg2+ 41. Kxg2 Qf3+ 42. Kf1 Be3+ 43. Ke1 Qf1# 0-1

[Event "V C.to Italiano U20"]
[Site "Laveno-Mombello ITA"]
[Date "1997.07.20"]
[Round "2"]
[White "Lapiccirella, Mattia"]
[Black "Aranovitch, Emiliano"]
[Result "0-1"]
[WhiteElo "1930"]
[BlackElo "2120"]
[PlyCount "44"]
[EventDate "1997.07.19"]

1. d4 Nf6 2. c4 g6 3. Nc3 Bg7 4. e4 d6 5. Be2 O-O 6. Nf3 e5 7. d5 a5 8. O-O Ne8
9. Ne1 Bf6 10. Bg4 Nd7 11. Nd3 Bg5 12. f4 exf4 13. c5 Nxc5 14. Nxc5 dxc5 15.
Bxc8 Rxc8 16. Qb3 b6 17. Bxf4 Bxf4 18. Rxf4 Qg5 19. Raf1 Nd6 20. Nb5 Nxb5 21.
Qxb5 Qe5 22. Qc4 Qxb2 0-1

[Event "V C.to Italiano U20"]
[Site "Laveno-Mombello ITA"]
[Date "1997.07.20"]
[Round "2"]
[White "Noseda, Francesco"]
[Black "Tomba, Ivan"]
[Result "0-1"]
[WhiteElo "1636"]
[BlackElo "1705"]
[PlyCount "91"]
[EventDate "1997.07.19"]

1. e4 c5 2. c3 e6 3. d4 d5 4. e5 Nc6 5. Nf3 Qb6 6. Bd3 Bd7 7. O-O cxd4 8. cxd4
Nxd4 9. Nxd4 Qxd4 10. Nc3 Qxe5 11. Re1 Qd6 12. Nb5 Bxb5 13. Bxb5+ Kd8 14. Qf3
Nf6 15. Bf4 Qb6 16. Bd3 Bd6 17. Bg5 Ke7 18. Qxd5 Rhd8 19. Qf3 Bxh2+ 20. Kxh2
Qd6+ 21. Bf4 Qxd3 22. Qxb7+ Kf8 23. f3 Qc4 24. Bc7 Rdc8 25. Rac1 Qh4+ 26. Kg1
Qd4+ 27. Kh1 Qd7 28. Red1 Qe8 29. Rc4 Kg8 30. Rdc1 Nd5 31. Rc6 h6 32. b4 Nxc7
33. Rxc7 Rxc7 34. Rxc7 Rb8 35. Qxa7 Rxb4 36. Qc5 Rb1+ 37. Kh2 Qb8 38. Kh3 Rh1+
39. Kg3 Qb1 40. Rc8+ Kh7 41. Qc2+ Qxc2 42. Rxc2 Ra1 43. Rc7 Kg6 44. Ra7 f5 45.
f4 Kf6 46. Kf2 {...} 0-1

[Event "V C.to Italiano U20"]
[Site "Laveno-Mombello ITA"]
[Date "1997.07.20"]
[Round "2"]
[White "Pagnoncelli, Marco"]
[Black "Perrone, Giorgio"]
[Result "1-0"]
[WhiteElo "2090"]
[BlackElo "1609"]
[PlyCount "37"]
[EventDate "1997.07.19"]

1. e4 g6 2. d4 Bg7 3. Nc3 d6 4. Be3 Nf6 5. f3 O-O 6. Qd2 Nc6 7. g4 Bxg4 8. fxg4
Nxg4 9. Nge2 f5 10. O-O-O fxe4 11. Nxe4 d5 12. Nc5 Rf3 13. Ne6 Qd7 14. Bg2 Rxe3
15. Nxg7 Kxg7 16. Nf4 e5 17. Nxd5 Nxd4 18. Nxe3 Nxe3 19. Qxe3 1-0

[Event "V C.to Italiano U20"]
[Site "Laveno-Mombello ITA"]
[Date "1997.07.20"]
[Round "2"]
[White "Pavanello, Diego"]
[Black "Scagliarini, Valentina"]
[Result "1-0"]
[WhiteElo "1600"]
[BlackElo "1642"]
[PlyCount "93"]
[EventDate "1997.07.19"]

1. e4 e6 2. d4 d5 3. exd5 exd5 4. Bd3 Bd6 5. Ne2 Ne7 6. O-O Bf5 7. Bxf5 Nxf5 8.
Qd3 Qf6 9. Qb5+ Nd7 10. Qxb7 O-O 11. Qxd5 Rae8 12. Nbc3 Re6 13. Ne4 Bxh2+ 14.
Kxh2 Qh4+ 15. Kg1 Qxe4 16. Qxd7 Re7 17. Qb5 Nd6 18. Qg5 Qxe2 19. Be3 f6 20.
Qd5+ Kh8 21. Qc5 Rfe8 22. Qxa7 Nf5 23. Bf4 Qg4 24. Bh2 Nxd4 25. f3 Qh4 26. g3
Ne2+ 27. Kg2 Qg5 28. Qa4 h5 29. Qh4 Qc5 30. g4 Qxc2 31. Qxh5+ Kg8 32. Kh3 g6
33. Qd5+ Kf8 34. Qb3 Rh7+ 35. Kg2 Qc6 36. Qb4+ Kg8 37. Qb3+ Kf8 38. Qb4+ Kg8
39. Qb3+ Kf8 40. Qa3+ Kg8 41. Qb3+ Kf8 42. Qd3 Rd7 43. Qa3+ Rde7 44. Kh1 Nd4
45. Qd3 Kg7 46. Qxd4 Qd6 47. Qc3 1-0

[Event "V C.to Italiano U20"]
[Site "Laveno-Mombello ITA"]
[Date "1997.07.20"]
[Round "2"]
[White "Trentini, Danilo"]
[Black "Punteri, Marco"]
[Result "1/2-1/2"]
[WhiteElo "1831"]
[BlackElo "1798"]
[PlyCount "28"]
[EventDate "1997.07.19"]

1. d4 Nf6 2. Nf3 e6 3. Bg5 c5 4. e3 Qb6 5. Qc1 Ne4 6. Bf4 d5 7. c3 Nc6 8. Nbd2
Be7 9. Bd3 f5 10. Ne5 Bf6 11. f3 g5 12. Nxc6 gxf4 13. Ne5 Nxd2 14. Qxd2 Bxe5
1/2-1/2

[Event "V C.to Italiano U20"]
[Site "Laveno-Mombello ITA"]
[Date "1997.07.21"]
[Round "3"]
[White "Barbiso, Tiziana"]
[Black "Cacco, Christian"]
[Result "1/2-1/2"]
[WhiteElo "1717"]
[BlackElo "2175"]
[PlyCount "118"]
[EventDate "1997.07.19"]

1. e4 e6 2. d4 d5 3. exd5 exd5 4. Bd3 Bd6 5. Ne2 Nf6 6. c3 O-O 7. O-O Re8 8.
Bf4 Nc6 9. Bxd6 Qxd6 10. Nd2 Ne7 11. Ng3 Ng6 12. Nf3 Bg4 13. h3 Bxf3 14. Qxf3
Qb6 15. Rab1 c6 16. Qd1 Re6 17. Bxg6 hxg6 18. Re1 Rae8 19. Rxe6 Rxe6 20. Qd3
Qc7 21. Qd2 Qa5 22. a3 Qb5 23. f3 Nd7 24. Kf2 Nb6 25. Qc2 Nc4 26. Nf1 c5 27. a4
Qb6 28. Qd3 Nd6 29. Ne3 Qc6 30. b4 cxd4 31. Qxd4 Qxa4 32. Qxd5 g5 33. Rd1 Qa3
34. Qd3 a6 35. Qd2 Qb3 36. Qc2 Qxc2+ 37. Nxc2 b5 38. Re1 Rf6 39. Re5 Kh7 40.
Nd4 Kg6 41. Re7 Nc4 42. Ra7 Rd6 43. Rb7 Nd2 44. Ra7 f6 45. Re7 Nb1 46. Rc7 Nxc3
47. Rxc3 Rxd4 48. Ra3 Rxb4 49. Rxa6 Kf5 50. Kg3 Ke5 51. Rb6 Rb2 52. Rb7 g6 53.
Rb6 b4 54. Rb5+ Kd4 55. Rb6 f5 56. Rxg6 f4+ 57. Kh2 b3 58. Rxg5 Rc2 59. Rb5 b2
1/2-1/2

[Event "V C.to Italiano U20"]
[Site "Laveno-Mombello ITA"]
[Date "1997.07.21"]
[Round "3"]
[White "Bottino, Alexiei"]
[Black "Lapiccirella, Mattia"]
[Result "1/2-1/2"]
[WhiteElo "1714"]
[BlackElo "1930"]
[PlyCount "59"]
[EventDate "1997.07.19"]

1. e4 c5 2. Nf3 d6 3. Bb5+ Nc6 4. c3 Bd7 5. O-O g6 6. Re1 Bg7 7. d3 Nf6 8. Nbd2
O-O 9. h3 a6 10. Ba4 b5 11. Bc2 e5 12. Nf1 b4 13. Ne3 bxc3 14. bxc3 Rb8 15. Nc4
Qc7 16. Ba4 Rb7 17. Qc2 Rfb8 18. Ba3 Na5 19. Nfd2 Nxc4 20. Nxc4 Be6 21. Nd2 Bh6
22. Reb1 Qa5 23. Rxb7 Rxb7 24. Bc1 Bf8 25. c4 Qc7 26. Rb1 Nh5 27. Nf1 Nf4 28.
Ng3 Bg7 29. Rxb7 Qxb7 30. Ne2 1/2-1/2

[Event "V C.to Italiano U20"]
[Site "Laveno-Mombello ITA"]
[Date "1997.07.21"]
[Round "3"]
[White "Coratella, Giuseppe"]
[Black "Pagnoncelli, Marco"]
[Result "1/2-1/2"]
[WhiteElo "1726"]
[BlackElo "2090"]
[PlyCount "116"]
[EventDate "1997.07.19"]

1. e4 c5 2. Nf3 d6 3. d4 cxd4 4. Nxd4 Nf6 5. Nc3 g6 6. g3 Bg7 7. Bg2 O-O 8. O-O
Nc6 9. Be3 Ng4 10. Nxc6 bxc6 11. Bd2 Rb8 12. Na4 Be6 13. Rb1 Qc8 14. b3 Rd8 15.
Bc3 Nf6 16. Re1 Rb5 17. Bf3 c5 18. Qe2 c4 19. Bd4 d5 20. exd5 Nxd5 21. Bxg7
Kxg7 22. Bxd5 Rbxd5 23. Qxc4 Qxc4 24. bxc4 Rd2 25. Nc5 Bxc4 26. Rxe7 Rxc2 27.
Ne4 Re2 28. Rc1 Rd4 29. f3 Bxa2 30. Rxa7 Be6 31. Rac7 Ra4 32. Nc5 Raa2 33.
Nxe6+ Rxe6 34. R7c2 Ra3 35. Kg2 Ree3 36. Rf2 h5 37. h4 Rad3 38. Ra1 Kf6 39.
Ra6+ Kg7 40. Ra1 Re6 41. Rb2 Ree3 42. Rf1 Rb3 43. Rxb3 Rxb3 44. Ra1 Rb2+ 45.
Kh3 Rf2 46. f4 Re2 47. Ra5 Kf6 48. Rb5 Rd2 49. Re5 Rc2 50. Ra5 Ke6 51. Rb5 Rd2
52. Ra5 Rd5 53. Ra2 Kf5 54. Rb2 f6 55. Re2 Rd4 56. Re3 Re4 57. Ra3 Re1 58. Rb3
Ke4 1/2-1/2

[Event "V C.to Italiano U20"]
[Site "Laveno-Mombello ITA"]
[Date "1997.07.21"]
[Round "3"]
[White "Drabke, Lorenz Maximilian"]
[Black "Goi, Veronika"]
[Result "1-0"]
[WhiteElo "1681"]
[BlackElo "1624"]
[PlyCount "79"]
[EventDate "1997.07.19"]

1. e4 e5 2. Nf3 Nf6 3. d4 d5 4. exd5 exd4 5. Bb5+ Bd7 6. Nxd4 Nxd5 7. O-O c6 8.
Bd3 Be7 9. Nf5 Bxf5 10. Bxf5 Nd7 11. Nd2 O-O 12. c3 N7f6 13. Qc2 Re8 14. Nf3 h6
15. a3 Bf8 16. Bd2 a5 17. Rad1 Qc7 18. Rfe1 Rad8 19. g3 g6 20. Bh3 g5 21. Nd4
Ne7 22. Nf5 g4 23. Nxe7+ Rxe7 24. Bf1 Rde8 25. Bf4 Qc8 26. Rxe7 Rxe7 27. Bd3
Rd7 28. Re1 Qd8 29. Bf5 Re7 30. Rd1 Qe8 31. Kf1 Qa8 32. Qc1 h5 33. Bd6 Re8 34.
Bxf8 Kxf8 35. Qh6+ Kg8 36. Qxf6 Qa6+ 37. Bd3 b5 38. Bh7+ Kf8 39. Qh8+ Ke7 40.
Re1+ 1-0

[Event "V C.to Italiano U20"]
[Site "Laveno-Mombello ITA"]
[Date "1997.07.21"]
[Round "3"]
[White "Gandolfi, Valerio"]
[Black "Ferreri, Giuseppe"]
[Result "1/2-1/2"]
[WhiteElo "1525"]
[BlackElo "1600"]
[PlyCount "97"]
[EventDate "1997.07.19"]

1. d4 d6 2. c4 e5 3. dxe5 dxe5 4. Qxd8+ Kxd8 5. Nc3 c6 6. b3 f6 7. Bb2 Nd7 8.
Nf3 Kc7 9. e3 b6 10. Be2 Nc5 11. O-O g5 12. Rad1 a5 13. Rd2 h5 14. Rfd1 Rh6 15.
Ne1 Be7 16. Nd3 Nxd3 17. Bxd3 f5 18. Bb1 Rd6 19. Ne2 Rxd2 20. Rxd2 e4 21. Nd4
Bd7 22. a4 c5 23. Ne2 Rd8 24. Nc3 Nf6 25. Kf1 Bc6 26. Rxd8 Bxd8 27. Bc1 Ng4 28.
h3 Ne5 29. Ke2 Nd3 30. Bxd3 exd3+ 31. Kf1 Bf6 32. Nd1 Kd6 33. f3 g4 34. f4 gxh3
35. gxh3 Bf3 36. Ke1 Bg2 37. Kd2 Bxh3 38. Kxd3 Bh4 39. e4 Ke6 40. Ne3 fxe4+ 41.
Kxe4 Bd8 42. Bd2 Bh4 43. Kf3 Bf5 44. Nxf5 Kxf5 45. Be3 Bd8 46. Bg1 Bf6 47. Bh2
Bh4 48. Bg1 Be1 49. Bh2 1/2-1/2

[Event "V C.to Italiano U20"]
[Site "Laveno-Mombello ITA"]
[Date "1997.07.21"]
[Round "3"]
[White "Perrone, Giorgio"]
[Black "Arnetta, Marianna"]
[Result "1-0"]
[WhiteElo "1609"]
[BlackElo "1642"]
[PlyCount "59"]
[EventDate "1997.07.19"]

1. c4 e6 2. g3 d5 3. cxd5 exd5 4. d4 c5 5. Bg2 Be6 6. Nf3 h6 7. Nc3 Nc6 8. O-O
Nf6 9. Re1 Rc8 10. e3 cxd4 11. Nxd4 Nxd4 12. Qxd4 Qa5 13. Qa4+ Qxa4 14. Nxa4
Bb4 15. Re2 b5 16. a3 Bc3 17. b4 Bxb4 18. axb4 bxa4 19. Bb2 Bd7 20. e4 Bb5 21.
Ree1 Rc7 22. exd5+ Re7 23. Rxe7+ Kxe7 24. Re1+ Kd7 25. f4 Re8 26. Be5 Ng8 27.
Bh3+ Kd8 28. Rc1 f6 29. Bc7+ Ke7 30. d6+ 1-0

[Event "V C.to Italiano U20"]
[Site "Laveno-Mombello ITA"]
[Date "1997.07.21"]
[Round "3"]
[White "Puliafito, Alberto"]
[Black "Genocchio, Daniele"]
[Result "0-1"]
[WhiteElo "1531"]
[BlackElo "2215"]
[PlyCount "66"]
[EventDate "1997.07.19"]

1. d4 c5 2. d5 e6 3. c4 exd5 4. cxd5 d6 5. Nc3 Ne7 6. e4 Ng6 7. Nf3 Be7 8. Bd3
Bf6 9. O-O O-O 10. Qc2 Na6 11. a3 Nc7 12. Rb1 Bd7 13. a4 Na6 14. Bxa6 bxa6 15.
Be3 Qc7 16. Nd2 Rab8 17. b3 Rfe8 18. Rfe1 Re7 19. Na2 Qd8 20. Nc4 Bc8 21. Bd2
Ne5 22. Na5 Bd7 23. b4 c4 24. f4 Nd3 25. Nxc4 Nxe1 26. Rxe1 Rc8 27. Qb3 Bxa4
28. Qxa4 Rxc4 29. Qxa6 Qb6+ 30. Qxb6 axb6 31. e5 dxe5 32. fxe5 Bxe5 33. Kf1 Rc2
0-1

[Event "V C.to Italiano U20"]
[Site "Laveno-Mombello ITA"]
[Date "1997.07.21"]
[Round "3"]
[White "Punteri, Marco"]
[Black "Delfino, Luigi"]
[Result "1/2-1/2"]
[WhiteElo "1798"]
[BlackElo "1717"]
[PlyCount "49"]
[EventDate "1997.07.19"]

1. d4 Nf6 2. c4 g6 3. Nc3 d5 4. Nf3 Bg7 5. cxd5 Nxd5 6. Qb3 Nxc3 7. bxc3 O-O 8.
Ba3 b6 9. e3 Bb7 10. Be2 Nd7 11. O-O Re8 12. Rfd1 e6 13. Rac1 Qf6 14. c4 Red8
15. d5 c5 16. dxc6 Bxc6 17. Nd4 Bb7 18. Nb5 Bc6 19. Nd4 Bb7 20. Nb5 Bc6 21. Bb4
a5 22. Bc3 Qg5 23. Bf1 Nc5 24. Qb1 Be4 25. Qa1 1/2-1/2

[Event "V C.to Italiano U20"]
[Site "Laveno-Mombello ITA"]
[Date "1997.07.21"]
[Round "3"]
[White "Riccio, Eros"]
[Black "Aranovitch, Emiliano"]
[Result "0-1"]
[WhiteElo "1735"]
[BlackElo "2120"]
[PlyCount "78"]
[EventDate "1997.07.19"]

1. e4 g6 2. d4 Bg7 3. g3 d5 4. e5 c5 5. c3 Nc6 6. Bg2 Qb6 7. Ne2 Bg4 8. f3 Bf5
9. g4 Bxb1 10. Rxb1 Qa5 11. Qb3 Nxd4 12. Qxb7 Rd8 13. b4 Nc2+ 14. Kd2 Qa4 15.
bxc5 Bh6+ 16. f4 Bxf4+ 17. Nxf4 Qxf4+ 18. Kxc2 Qf2+ 19. Bd2 Qxg2 20. Qb4 d4 21.
cxd4 Qxg4 22. Bc3 Nh6 23. Qa4+ Kf8 24. Kb2 Nf5 25. Ka1 Kg7 26. e6 f6 27. Rb4
Ne3 28. Re1 Nd5 29. Qxa7 Ra8 30. Qb7 Nxc3 31. Qxe7+ Kh6 32. Rb2 Qxd4 33. Qd6
Nd5 34. Kb1 Qd3+ 35. Kc1 Qc3+ 36. Kd1 Qxb2 37. Re3 Nxe3+ 38. Ke1 Ng2+ 39. Kf1
Rxa2 0-1

[Event "V C.to Italiano U20"]
[Site "Laveno-Mombello ITA"]
[Date "1997.07.21"]
[Round "3"]
[White "Scagliarini, Valentina"]
[Black "Noseda, Francesco"]
[Result "1/2-1/2"]
[WhiteElo "1642"]
[BlackElo "1636"]
[PlyCount "103"]
[EventDate "1997.07.19"]

1. e4 e5 2. Nf3 Nc6 3. Bb5 a6 4. Bxc6 dxc6 5. d4 exd4 6. Qxd4 Qxd4 7. Nxd4 c5
8. Ne2 Be6 9. Be3 Nf6 10. f3 O-O-O 11. Nd2 Nd7 12. Nf4 Be7 13. Nxe6 fxe6 14.
O-O-O b5 15. Nb3 Rde8 16. Rd2 c4 17. Nd4 Bf6 18. Rhd1 Nb6 19. Ne2 Rd8 20. Rxd8+
Rxd8 21. Rxd8+ Kxd8 22. Nf4 Kd7 23. Nh5 Nc8 24. Nxf6+ gxf6 25. c3 Ne7 26. Kd2
Ng6 27. Ke2 f5 28. exf5 exf5 29. f4 Ke6 30. g3 Nf8 31. h3 Nd7 32. Bd4 c5 33.
Be3 Kd5 34. Kf3 Nb6 35. g4 fxg4+ 36. Kxg4 Ke6 37. Bxc5 Na4 38. f5+ Kf7 39. Ba3
a5 40. Kf4 b4 41. cxb4 axb4 42. Bxb4 Nxb2 43. Bc3 Na4 44. Bd2 c3 45. Bc1 Kf6
46. Ke4 Nb2 47. Kd4 Kxf5 48. Kxc3 Nd1+ 49. Kd4 Ke6 50. Kc5 Kd7 51. a4 Nf2 52.
Bh6 1/2-1/2

[Event "V C.to Italiano U20"]
[Site "Laveno-Mombello ITA"]
[Date "1997.07.21"]
[Round "3"]
[White "Sgnaolin, Davide"]
[Black "Trentini, Danilo"]
[Result "0-1"]
[WhiteElo "2055"]
[BlackElo "1831"]
[PlyCount "70"]
[EventDate "1997.07.19"]

1. e4 c6 2. Nc3 d5 3. Nf3 Bg4 4. h3 Bxf3 5. Qxf3 e6 6. d3 Bb4 7. a3 Qa5 8. Bd2
d4 9. Nb1 Bxd2+ 10. Nxd2 Ne7 11. Qg3 O-O 12. b4 Qd8 13. Nb3 Ng6 14. h4 e5 15.
Qg4 b6 16. g3 Re8 17. Bh3 Qe7 18. O-O Nf8 19. f4 Nbd7 20. Rf2 f6 21. Raf1 Qd6
22. Nd2 c5 23. Nc4 Qc7 24. fxe5 Nxe5 25. Nxe5 Rxe5 26. Rf5 cxb4 27. Rxe5 Qxe5
28. axb4 a5 29. Rf5 Qe7 30. bxa5 bxa5 31. e5 fxe5 32. Qe4 Re8 33. Qd5+ Kh8 34.
Qxa5 Nd7 35. Qb5 Nf6 0-1

[Event "V C.to Italiano U20"]
[Site "Laveno-Mombello ITA"]
[Date "1997.07.21"]
[Round "3"]
[White "Tomba, Ivan"]
[Black "Pavanello, Diego"]
[Result "1-0"]
[WhiteElo "1705"]
[BlackElo "1600"]
[PlyCount "69"]
[EventDate "1997.07.19"]

1. e4 c6 2. d4 d5 3. Nc3 dxe4 4. Nxe4 Bf5 5. Ng3 Bg6 6. h4 h6 7. h5 Bh7 8. Nf3
Nd7 9. Bd3 Bxd3 10. Qxd3 Ngf6 11. Ne4 Nxe4 12. Qxe4 Nf6 13. Qd3 e6 14. Bf4 Bd6
15. Ne5 Nd5 16. Bg3 O-O 17. O-O-O Rc8 18. c4 Ne7 19. Bh4 Qa5 20. Kb1 Nf5 21. f4
Nxh4 22. Rxh4 Rfd8 23. Rg4 Bxe5 24. fxe5 Kh8 25. Rf1 Qc7 26. Qe3 Rf8 27. Qg3
Rg8 28. Qf3 Rgf8 29. Rf4 Kg8 30. Qg3 Kh8 31. Rg4 Rg8 32. Qe3 Rgf8 33. Rf3 a6
34. Rfg3 Rg8 35. Rxg7 1-0

[Event "V C.to Italiano U20"]
[Site "Laveno-Mombello ITA"]
[Date "1997.07.21"]
[Round "3"]
[White "Vismara, Daniele"]
[Black "De Bortoli, Peter"]
[Result "1-0"]
[WhiteElo "2235"]
[BlackElo "2085"]
[PlyCount "101"]
[EventDate "1997.07.19"]

1. e4 c5 2. c3 d5 3. exd5 Qxd5 4. d4 Nc6 5. Nf3 Bg4 6. Be2 e6 7. h3 Bh5 8. c4
Qd7 9. g4 Bg6 10. d5 Nd4 11. Nxd4 cxd4 12. Qxd4 Nf6 13. Nc3 Bb4 14. Bf3 O-O 15.
Bg5 e5 16. Qe3 Rac8 17. Bxf6 gxf6 18. Be2 f5 19. gxf5 Bxf5 20. Rg1+ Bg6 21. h4
Kh8 22. h5 Bf5 23. Qxe5+ f6 24. Qd4 Qe7 25. Kd2 Rce8 26. Rae1 Bxc3+ 27. Qxc3
Qe4 28. Bf3 Qh4 29. Rxe8 Rxe8 30. Rg3 b5 31. Be2 b4 32. Qf3 Qd4+ 33. Kc1 Qe5
34. Qe3 Be4 35. Bd3 f5 36. Bxe4 f4 37. Qxa7 Re7 38. Qa8+ Re8 39. Qa7 Re7 40.
Qa8+ Re8 41. Qb7 Re7 42. Qc8+ Re8 43. Qd7 Re7 44. Qd8+ Re8 45. Qd7 Re7 46. Qf5
Qxf5 47. Bxf5 fxg3 48. fxg3 Kg7 49. d6 Ra7 50. d7 Ra8 51. c5 1-0

[Event "V C.to Italiano U20"]
[Site "Laveno-Mombello ITA"]
[Date "1997.07.22"]
[Round "4"]
[White "Arnetta, Marianna"]
[Black "Delfino, Luigi"]
[Result "1-0"]
[WhiteElo "1642"]
[BlackElo "1717"]
[PlyCount "63"]
[EventDate "1997.07.19"]

1. Nf3 Nf6 2. g3 g6 3. Bg2 Bg7 4. d3 c5 5. e4 d6 6. O-O Nc6 7. Nc3 O-O 8. Nh4
e5 9. a3 Be6 10. Nd5 Qd7 11. Bg5 Bxd5 12. exd5 Ne7 13. c4 a6 14. Qd2 b5 15. Be3
bxc4 16. dxc4 Qa4 17. b4 cxb4 18. axb4 Qd7 19. Ra2 Ne8 20. c5 Qb7 21. Rd1 Nc8
22. f4 Rb8 23. Rb1 Nc7 24. fxe5 Bxe5 25. Bd4 Bxd4+ 26. Qxd4 dxc5 27. Qxc5 Qb6
28. Rc1 Nb5 29. Nf3 Ncd6 30. Ne5 Rfc8 31. Nc6 Kh8 32. Rca1 1-0

[Event "V C.to Italiano U20"]
[Site "Laveno-Mombello ITA"]
[Date "1997.07.22"]
[Round "4"]
[White "Cacco, Christian"]
[Black "Aldrovandi, Costantino"]
[Result "0-1"]
[WhiteElo "2175"]
[BlackElo "2250"]
[PlyCount "56"]
[EventDate "1997.07.19"]

1. d4 Nf6 2. Nf3 g6 3. g3 Bg7 4. Bg2 O-O 5. O-O d6 6. Re1 Nbd7 7. e4 e5 8. c3
b6 9. dxe5 dxe5 10. Qc2 Bb7 11. c4 Nc5 12. Nc3 Qd3 13. Qxd3 Nxd3 14. Re2 Nxc1
15. Rxc1 Rae8 16. Nxe5 Rxe5 17. f4 Ree8 18. e5 Bxg2 19. exf6 Rxe2 20. Nxe2 Re8
21. Nc3 Bxf6 22. Kxg2 Bxc3 23. Rxc3 Re2+ 24. Kf3 Rxb2 25. Ra3 a5 26. h3 Rc2 27.
Ra4 f5 28. Ke3 c5 0-1

[Event "V C.to Italiano U20"]
[Site "Laveno-Mombello ITA"]
[Date "1997.07.22"]
[Round "4"]
[White "De Bortoli, Peter"]
[Black "Barbiso, Tiziana"]
[Result "1/2-1/2"]
[WhiteElo "2085"]
[BlackElo "1717"]
[PlyCount "129"]
[EventDate "1997.07.19"]

1. a3 d5 2. Nf3 c5 3. e3 Nc6 4. Bb5 Qc7 5. O-O Nf6 6. Re1 Bg4 7. d4 e6 8. h3
Bh5 9. Nbd2 Bd6 10. dxc5 Bxc5 11. c4 O-O 12. cxd5 Nxd5 13. Qa4 Rac8 14. Qh4 Bg6
15. Nf1 Be7 16. Qg3 Qxg3 17. Nxg3 Na5 18. Ba4 Nb6 19. Bd1 Rfd8 20. Bd2 Nac4 21.
Bc3 Nxa3 22. Nd4 Nd5 23. Ba5 b6 24. Bxb6 Nxb6 25. bxa3 Bf6 26. Nge2 Bd3 27. Ra2
Nd5 28. Rd2 Ba6 29. Bb3 Nc3 30. Ng3 Nb5 31. Red1 Nxd4 32. exd4 Bg5 33. Rc2 Rxc2
34. Bxc2 Bf6 35. Ne4 Bxd4 36. Ng5 h6 37. Nf3 Bb6 38. Rxd8+ Bxd8 39. Ne5 Bb6 40.
Bd3 Bxd3 41. Nxd3 Kf8 42. Kf1 Ke7 43. Ne5 f6 44. Nc4 Kd7 45. Ke2 Kc6 46. f3 Kb5
47. Kd3 Bc5 48. Kc3 Ka4 49. Kb2 e5 50. Ka2 g6 51. Nb2+ Kb5 52. Kb3 Bd4 53. a4+
Kc5 54. Nd3+ Kd5 55. Nb4+ Kc5 56. Nd3+ Kd6 57. Kc4 Be3 58. Nb4 f5 59. Na2 e4
60. fxe4 fxe4 61. Nc3 Ke5 62. Ne2 Bb6 63. Kb3 g5 64. Kc4 Be3 65. Ng3 1/2-1/2

[Event "V C.to Italiano U20"]
[Site "Laveno-Mombello ITA"]
[Date "1997.07.22"]
[Round "4"]
[White "Ferreri, Giuseppe"]
[Black "Scagliarini, Valentina"]
[Result "1/2-1/2"]
[WhiteElo "1600"]
[BlackElo "1642"]
[PlyCount "104"]
[EventDate "1997.07.19"]

1. e4 e6 2. d4 d5 3. exd5 exd5 4. c4 c6 5. Nc3 Nf6 6. cxd5 Nxd5 7. Bc4 Bb4 8.
Bd2 O-O 9. Nge2 Nf6 10. a3 Bd6 11. O-O Bf5 12. Bf4 Bxf4 13. Nxf4 Qd6 14. Nfe2
Nbd7 15. Ng3 Be6 16. Bd3 Rfe8 17. Qd2 Nf8 18. Bf5 Rad8 19. Bxe6 Nxe6 20. Nf5
Qf4 21. Qxf4 Nxf4 22. Rad1 Ne6 23. Ne2 Rd7 24. Rd3 g6 25. Ne3 Red8 26. Rfd1 Nd5
27. Nc4 Ndf4 28. Nxf4 Nxf4 29. R3d2 Ne6 30. Kf1 Kf8 31. Na5 Rc8 32. d5 cxd5 33.
Rxd5 Rxd5 34. Rxd5 Rc1+ 35. Ke2 Rc2+ 36. Kd3 Rxb2 37. Rd7 Ke8 38. Rxb7 Rxb7 39.
Nxb7 Kd7 40. Na5 Kd6 41. Nb3 Kd5 42. Kd2 Kc4 43. Kc2 Nc5 44. Nxc5 Kxc5 45. Kc3
Kb5 46. Kb3 g5 47. g4 h6 48. h3 f6 49. f3 a5 50. a4+ Kc6 51. Kc3 Kd6 52. Kd3
Kc6 1/2-1/2

[Event "V C.to Italiano U20"]
[Site "Laveno-Mombello ITA"]
[Date "1997.07.22"]
[Round "4"]
[White "Gandolfi, Valerio"]
[Black "Sgnaolin, Davide"]
[Result "0-1"]
[WhiteElo "1525"]
[BlackElo "2055"]
[PlyCount "66"]
[EventDate "1997.07.19"]

1. d4 d5 2. c4 e6 3. Nc3 c5 4. dxc5 d4 5. Ne4 Nc6 6. Nf3 e5 7. b3 Bf5 8. Ng3
Bg6 9. e4 Bxc5 10. Bd3 f6 11. O-O Bf7 12. Bd2 Nge7 13. Qc2 Qd7 14. a3 a5 15.
Ne1 g5 16. Be2 h5 17. Nd3 Ba7 18. f3 Ng6 19. Ra2 Be6 20. Rf2 Nf4 21. Bd1 h4 22.
Nf1 f5 23. Ra1 Qh7 24. Rb1 O-O-O 25. Rb2 fxe4 26. Nxf4 d3 27. Qc1 gxf4 28. Bc3
e3 29. Rfe2 dxe2 30. Bxe2 Nd4 31. Bxa5 Nxe2+ 32. Rxe2 Rd2 33. Rxd2 exd2+ 0-1

[Event "V C.to Italiano U20"]
[Site "Laveno-Mombello ITA"]
[Date "1997.07.22"]
[Round "4"]
[White "Genocchio, Daniele"]
[Black "Perrone, Giorgio"]
[Result "1-0"]
[WhiteElo "2215"]
[BlackElo "1609"]
[PlyCount "69"]
[EventDate "1997.07.19"]

1. e4 d6 2. d4 g6 3. Bd3 e5 4. c3 Bg7 5. Ne2 Nf6 6. O-O O-O 7. Bg5 c6 8. Qd2
Be6 9. Na3 Nbd7 10. f4 h6 11. fxe5 hxg5 12. exf6 Bxf6 13. Bc4 Bxc4 14. Nxc4 Be7
15. Rae1 f5 16. exf5 gxf5 17. Ne3 f4 18. Ng4 Nf6 19. Nh6+ Kh7 20. Nf5 Ne4 21.
Qd3 d5 22. Qh3+ Kg8 23. Qg4 Nd6 24. Nxe7+ Qxe7 25. Nc1 Ne4 26. Nd3 Rf7 27. Rxf4
Rxf4 28. Nxf4 Rf8 29. Nd3 Qf6 30. Qe2 Qg7 31. h3 Kh8 32. Ne5 Rf2 33. Qh5+ Kg8
34. Rxe4 Rxb2 35. Rg4 1-0

[Event "V C.to Italiano U20"]
[Site "Laveno-Mombello ITA"]
[Date "1997.07.22"]
[Round "4"]
[White "Goi, Veronika"]
[Black "Noseda, Francesco"]
[Result "1/2-1/2"]
[WhiteElo "1624"]
[BlackElo "1636"]
[PlyCount "62"]
[EventDate "1997.07.19"]

1. e4 e5 2. Nf3 Nc6 3. d4 exd4 4. Bc4 Bc5 5. c3 Nf6 6. cxd4 Bb4+ 7. Bd2 Bxd2+
8. Nbxd2 d5 9. exd5 Nxd5 10. Qb3 Nce7 11. O-O O-O 12. Rfe1 c6 13. Ne4 Qb6 14.
Qc2 h6 15. a3 Be6 16. Nc5 Bf5 17. Qd2 Qc7 18. Rac1 Nb6 19. Bd3 Bxd3 20. Nxd3
Ned5 21. b4 a6 22. Nde5 f6 23. Nd3 Rfe8 24. Re2 Na4 25. Rce1 Qd7 26. Nc5 Nxc5
27. dxc5 Kf7 28. Kf1 Rxe2 29. Qxe2 Re8 30. Qxe8+ Qxe8 31. Rxe8 Kxe8 1/2-1/2

[Event "V C.to Italiano U20"]
[Site "Laveno-Mombello ITA"]
[Date "1997.07.22"]
[Round "4"]
[White "Lapiccirella, Mattia"]
[Black "Drabke, Lorenz Maximilian"]
[Result "1/2-1/2"]
[WhiteElo "1930"]
[BlackElo "1681"]
[PlyCount "45"]
[EventDate "1997.07.19"]

1. d4 d5 2. c4 e6 3. Nc3 Nf6 4. Bg5 Nbd7 5. e3 c6 6. a3 Be7 7. Nf3 h6 8. Bh4
O-O 9. Qc2 a6 10. cxd5 Nxd5 11. Bg3 Qa5 12. Be2 c5 13. O-O N7f6 14. Nxd5 Nxd5
15. Rac1 cxd4 16. Nxd4 Bd7 17. Bf3 Bf6 18. Qd3 Rac8 19. Bd6 Rxc1 20. Rxc1 Rc8
21. Rxc8+ Bxc8 22. b4 Qd8 23. Bg3 1/2-1/2